000 00794nam a2200193Ia 4500
003 IT-RoPAU
005 20220918175818.0
008 120407s9999 xx 000 0 und d
040 _aIT-RoPAU
_c20140509154526.0
040 _cIT-RoPAU
041 _aita
100 _aMadre Maestra
_924318
245 _aDalle conferenze e dagli scritti della Madre Maestra (1955).
260 _c1955
_aRoma
_bCasa Generalizia PDDM
300 _a275 p.
_c15 cm
520 _aIndice Costituzioni Vita Religiosa Fedeltà alla vocazione Amore alla Congergazione Fede Speranza Carità Povertà Castità Obbedienza Vita Comune Umiltà Silenziosità Pietà Il Divin Maestro La Madonna San Paolo Anno Liturgico Apostolato Eucaristico Apostolato Liturgico Varie Dalle lettere
942 _cBK
_2ddc
999 _c31185
_d31185